00638nam a2200217 a 450000100060000000300090000600500170001500800410003202000180007304000280009104100130011904300180013208200090015010000240015924500910018326000360027430000280031065000330033870000370037185200120040825054CO-ViMGA20230915232040.0141112s2004 ck r 000 u spa d a9788496646544 aCO-ViMGAbspacCO-ViMGA aspa ger ae - gx - - - 04aSCHy1 aSchèossow, Peter.10aYo contigo y tú conmigo / cPeter Schossow ; traducción de L. Rodríguez López. aSalamanca : bLóguez, c2010. a[32] p. : il. ; 16 cm.14aCuentos infantiles alemanes.1 aRodríguez Rodríguez, L., tr. 1.908.96